Top 30 Filme mit FSK 16 - Statistiken

Allgemein
  • Dieses Quiz wurde 78 mal gespielt
  • Das Durchschnittsergebnis liegt bei 14 aus 30
Antwortstatistiken
Bildquiz Hint Antwort % Korrekt
10.644.374 (1965) James Bond 007 – Goldfinger
94%
6.695.500 (1963) James Bond – 007 jagt Dr. No
94%
5.501.758 (1995) James Bond 007 – GoldenEye
93%
4.500.000 (1974) James Bond 007 – Der Mann mit dem goldenen Colt
87%
6.806.200 (1964) James Bond 007 – Liebesgrüße aus Moskau
87%
4.751.022 (1991) Terminator 2 – Tag der Abrechnung
85%
6.000.000 (1973) James Bond 007 – Leben und sterben lassen
82%
5.200.000 (1972) Der Pate
81%
5.500.000 (1971) James Bond 007 – Diamantenfieber
79%
4.783.064 (1999) Matrix
78%
4.773.455 (2003) Matrix Reloaded
78%
7.000.000 (1975) Der weiße Hai
71%
5.291.000 (1974) Der Exorzist
60%
4.498.820 (2013) Django Unchained
51%
5.896.891 (1986) Der Name der Rose
47%
13.018.414 (1969) Spiel mir das Lied vom Tod
44%
4.480.675 (1992) Basic Instinct
38%
13.483.400 (1966) Doktor Schiwago
26%
6.427.961 (1973) Zwei Himmelhunde auf dem Weg zur Hölle
22%
8.500.000 (1973) Papillon
19%
6.471.800 (1964) Angélique
9%
5.276.200 (1965) Angélique, 2. Teil
9%
11.532.400 (1964) Das Schweigen
7%
5.200.000 (1973) Der letzte Tango in Paris
7%
6.028.000 (1971) Die rechte und die linke Hand des Teufels
7%
5.000.000 (1967) Helga – Vom Werden des menschlichen Lebens
4%
7.661.000 (1958) Der Arzt von Stalingrad
1%
4.623.000 (1960) Strafbataillon 999
1%
4.878.000 (1959) Die Nackten und die Toten
0%
9.755.000 (1957) Haie und kleine Fische
0%
Keine übereinstimmenden Quizze gefunden
Verteilung der Resultate
Anzahl Personen mit jedem Resultat
Perzentil nach korrekt beantworteten Fragen
Ihre Resultats-Entwicklung
Sie haben dieses Quiz noch nicht gespielt